000 00529nam a2200181Ia 4500
001 7825
005 20260306160524.0
008 260306t2010||||xx |||||||||||||| ||spa||
041 _aESP
082 _a362.5
_bA53
100 _aAmes, Patricia
_eAUT
245 0 _aMétodos para la investigación con niños:
_blecciones aprendidas, desafíos y propuestas desde la experiencia de Niños del Milenio en Perú
260 _c2010
300 _a81 páginas :
_c28 cm.
650 _aGEN
654 _aCHU
942 _cLIB
_dJUS
_fJUS
_2ddc
_n
999 _c7825
_d7825